000 00751nam a2200241Ia 4500
003 OSt
005 20220927105032.0
006 a|||||r|||| 00| 0
007 ta
008 220926b |||||||| |||| 00| 0 eng d
024 _a187454
037 _cReference Collections
040 _aRTL
_cRTL
_beng
041 _2eng
_aeng
082 _a"X9(M7).2.N68<-N47r, K8"
110 _a"NATIONAL RAYON CORPORATION LTD., BOMBAY"
_9369754
245 0 _a"Annual report,1947-1968"
260 _aBombay
_bNational Rayon Corporation Ltd.
_c1968
300 _a12p
_ccm.
700 _a"NATIONAL RAYON CORPORATION LTD., BOMBAY"
_9369755
942 _h"X9(M7).2.N68<-N47r, K8"
_cCC
999 _c690392
_d690392